| 000 | 00637nam a2200181 a 4500 | ||
|---|---|---|---|
| 001 | 000029783 | ||
| 005 | 20200930055813.0 | ||
| 008 | 110425s1987 dr a 000 0 spa d | ||
| 040 |
_aDO-SdBNP _bspa _cBNPHU |
||
| 082 |
_axxx _bS487f, 1987 |
||
| 100 | 1 |
_aSerra, Nidia _929116 |
|
| 245 | 1 | 0 |
_aLa feria del libro vista por los niños / _cNidia Serra ; presentación Diógenes Valdez ; introducción. |
| 250 | _a2a ed. | ||
| 260 |
_aSanto Domingo : _bComisión Organizadora Permanente de la Feria del Libro :, _c1987. _fONAP |
||
| 300 |
_avi, 21 cm. : _bil. ; _c28 cm. |
||
| 590 | _aInventariado, 2019/VM | ||
| 700 | 1 |
_aValdez, Diógenes _922958 |
|
| 999 |
_c29275 _d29275 |
||